| 000 | 01191nam0a2200337 i 4500 | ||
|---|---|---|---|
| 001 | RU\NLR\BIBL_A\010808500 | ||
| 005 | 20260406131924.0 | ||
| 010 |
_a9785906686527 _95000 |
||
| 021 |
_aRU _b2016-1912 _9117 |
||
| 021 |
_aRU _b2015-46694 _92780 |
||
| 035 | _a(NILC)RuMoRGB-007961889 | ||
| 035 | _a(NLR Aleph) 010808500 | ||
| 090 |
_a10193299 _c10193299 |
||
| 100 | _a20150727d2015 m y0rusy50 ca | ||
| 101 | 1 |
_arus _ceng |
|
| 102 | _aRU | ||
| 105 | _aa z 000yy | ||
| 200 | 1 |
_aО любви _e[перевод с английского] _fOsho _g[пер.: Е. Стародуб] |
|
| 210 |
_aМосква _cСофия _d2015 |
||
| 215 |
_a281, [4] с. _cил. _d20 |
||
| 300 | _aЗагл. ориг.: Being in love | ||
| 454 | 0 |
_12001#$aBeing in love _1700#1$aOsho$f1931-1990$3RU\NLR\AUTH\771624 _tBeing in love _aOsho (1931-1990) |
|
| 606 |
_aРелигиозная философия _yИндия _z20 в. _92078120 _3RU\NLR\AUTH\661253944 |
||
| 686 | 1 | _aЮ703.13 | |
| 686 | 1 | _aЮ3(5Ид)6-678 | |
| 700 | 0 |
_8rus _7ca _aОшо _f1931-1990 _3RU\NLR\AUTH\771622 _9111642 |
|
| 801 | 0 |
_aRU _bРГБ _c20150625 _gRCR |
|
| 942 | _cBOOK | ||
| 980 | _aNBR | ||